000 00537nam a2200217Ia 4500
003 OSt
005 20220928143059.0
006 a|||||r|||| 00| 0
007 ta
008 220927b |||||||| |||| 00| 0 eng d
024 _a21056
037 _cTextual
040 _aSDCL
_cSDCL
_beng
041 _2eng
_aeng
082 _aP15:795, M2
100 _aGupta Shivsankar
_9504583
245 0 _aSaral anuvaad chandrika.
260 _c1982
942 _hP15:795, M2
_cTEXL
_2CC
999 _c823118
_d823118